[Event "Turtle Speed # 26"]
[Site "SchemingMind.com"]
[Date "2009.03.13"]
[Round "-"]
[White "chernyean"]
[Black "Andoni Zabala"]
[Result "0-1"]
[WhiteCountry "GBR"]
[BlackCountry "INT"]
[WhiteElo "1670"]
[WhiteRD "122"]
[BlackElo "1844"]
[BlackRD "94"]
[GameID "196285"]

1. d4 Nf6 2. c4 g6 3. Nc3 Bg7 4. Nf3 O-O 5. g3 d5 6. cxd5 Nxd5 7. e4 Nb4 8. a3 N4c6 9. Be3 Bg4 10. Bg2 Nxd4
11. Bxd4 Bxf3 12. Bxf3 Bxd4 13. Qc2 c6 14. Rd1 Qb6 15. O-O e5 16. Bg2 Nd7 17. Kh1 f5 18. exf5 Rxf5 19. Bh3 Rf7 20. Be6 Rf8
21. Bxf7+ Rxf7 22. Kg2 c5 23. b3 Qc6+ 24. Kg1 b5 25. Ne4 c4 26. bxc4 bxc4 27. Nd2 c3 28. Nb3 Qb6 29. Nxd4 exd4 30. Rfe1 Nf6
31. Rd3 Ng4 32. Re4 Nxf2 33. Re8+ Kg7
0-1

[Event "Turtle Speed # 26"]
[Site "SchemingMind.com"]
[Date "2009.03.13"]
[Round "-"]
[White "Andoni Zabala"]
[Black "chernyean"]
[Result "1-0"]
[WhiteCountry "INT"]
[BlackCountry "GBR"]
[WhiteElo "1819"]
[WhiteRD "90"]
[BlackElo "1973"]
[BlackRD "163"]
[GameID "196286"]

1. e4 e5 2. Nf3 Nc6 3. Bb5 Nf6 4. O-O Nxe4 5. Re1 Nd6 6. Bxc6 dxc6 7. Nxe5 Be7 8. d4 O-O 9. b3 Bf6 10. Bb2 Re8
11. c4 Bxe5 12. dxe5 Nf5 13. Nc3 Be6 14. Ne4 Qxd1 15. Raxd1 Rad8 16. h3 Ne7 17. f4 Ng6 18. Bc1 Bf5 19. Nc5 b6 20. Na4 Bb1
21. Nc3 Bc2 22. Rxd8 Rxd8 23. Kf2 Rd3 24. Ne2 Bb1 25. f5 Ne7 26. Nf4 Rd8 27. f6 Ng6 28. Nxg6 hxg6 29. fxg7 Kxg7 30. Bg5 Re8
31. Bf6+ Kh6 32. Rxb1
1-0

[Event "Turtle Speed # 26"]
[Site "SchemingMind.com"]
[Date "2009.03.14"]
[Round "-"]
[White "fishofchaos"]
[Black "Andoni Zabala"]
[Result "1-0"]
[WhiteCountry "ENG"]
[BlackCountry "INT"]
[WhiteElo "1874"]
[WhiteRD "77"]
[BlackElo "1741"]
[BlackRD "94"]
[GameID "196505"]

1. d4 Nf6 2. c4 g6 3. Nc3 Bg7 4. e4 d6 5. h3 O-O 6. Bg5 Nbd7 7. Nf3 h6 8. Be3 e5 9. d5 c6 10. dxc6 Nc5
11. cxb7 Bxb7 12. Bxc5 dxc5 13. Bd3 Qe7 14. O-O Rfd8 15. Nd5 Nxd5 16. cxd5 a5 17. Rc1 Ba6 18. Bxa6 Rxa6 19. Qb3 Qd6 20. Rc2 Rb8
21. Qc4 Bf8 22. Nxe5 Rb4 23. Qe2 Qxe5 24. Qxa6 Qxe4 25. Rd2 a4 26. d6 Rd4 27. Rxd4 Qxd4 28. Qe2 Qxd6 29. Rd1 Qb8 30. Rd7 Qf4
31. g3 Qc1+ 32. Kg2 a3 33. b3 Qb2 34. Qe8 Qg7 35. Rc7
1-0

[Event "Turtle Speed # 26"]
[Site "SchemingMind.com"]
[Date "2009.03.14"]
[Round "-"]
[White "fishofchaos"]
[Black "chernyean"]
[Result "1-0"]
[WhiteCountry "ENG"]
[BlackCountry "GBR"]
[WhiteElo "1900"]
[WhiteRD "77"]
[BlackElo "1670"]
[BlackRD "122"]
[GameID "196506"]

1. d4 Nf6 2. c4 g6 3. Nc3 d5 4. cxd5 Nxd5 5. Bd2 Bg7 6. e4 Nf6 7. Nf3 O-O 8. Bc4 Nc6 9. Be3 Bg4 10. h3 Bxf3
11. gxf3 a6 12. Qd2 Nd7 13. O-O-O Nb6 14. Bb3 Na5 15. Qc2 Nxb3+ 16. Qxb3 a5 17. h4 a4 18. Qb5 Qd7 19. Qxd7 Nxd7 20. Kb1 Nb6
21. h5 Nc4 22. hxg6 fxg6 23. Nd5 Nxe3 24. fxe3 Rxf3 25. Rd3 c6 26. Nb6 Ra6 27. Nd7 b5 28. Rc1 h5 29. Nb8 Rb6 30. Nxc6 e6
31. e5 Bh6 32. Ne7+ Kg7 33. Nc8 Rb7 34. Nd6 Rb8 35. Rc7+ Kf8 36. a3 Rxe3 37. Rd1 Rf3 38. d5 exd5 39. e6 Bg5 40. Rg1 Be7
41. Nc8 Rxc8 42. Rxc8+ Kg7 43. Rb8 Rb3 44. Kc2 Kf6 45. Rg8 Kxe6 46. R8xg6+ Kf5 47. Rh6 h4 48. Rh5+ Kf4 49. Rxd5 h3 50. Rd3
1-0

[Event "Turtle Speed # 26"]
[Site "SchemingMind.com"]
[Date "2009.03.14"]
[Round "-"]
[White "Andoni Zabala"]
[Black "fishofchaos"]
[Result "0-1"]
[WhiteCountry "INT"]
[BlackCountry "ENG"]
[WhiteElo "1741"]
[WhiteRD "94"]
[BlackElo "1874"]
[BlackRD "77"]
[GameID "196507"]

1. e4 c5 2. Nf3 e6 3. d4 cxd4 4. Nxd4 a6 5. Nc3 b5 6. Be3 Bb7 7. Bd3 Qc7 8. Qd2 Nf6 9. O-O-O b4 10. Nce2 Nxe4
11. Bxe4 Bxe4 12. f3 Bg6 13. Nf4 Nc6 14. Nxg6 hxg6 15. g4 Be7 16. Nxc6 Qxc6 17. f4 Rc8 18. Bd4 Kf8 19. c3 d6 20. Kb1 bxc3
21. Bxc3 Rh4 22. g5 d5 23. h3 Qa4 24. Rdf1 Qe4+ 25. Ka1 Bd6 26. Qd4 Qxd4 27. Bxd4 Bxf4 28. Rxf4 Rxf4 29. Bc3 d4 30. Bb4+ Kg8
31. h4 d3 32. a3 Rcc4 33. h5 gxh5 34. Rxh5 Rf1+ 35. Ka2 Rxb4
0-1

[Event "Turtle Speed # 26"]
[Site "SchemingMind.com"]
[Date "2009.03.15"]
[Round "-"]
[White "chernyean"]
[Black "fishofchaos"]
[Result "1/2-1/2"]
[WhiteCountry "GBR"]
[BlackCountry "ENG"]
[WhiteElo "1710"]
[WhiteRD "305"]
[BlackElo "1848"]
[BlackRD "74"]
[GameID "196508"]

1. d4 Nf6 2. c4 e6 3. g3 c5 4. d5 exd5 5. cxd5 b5 6. Bg2 Bb7 7. Bg5 d6 8. Nd2 Be7 9. Bxf6 Bxf6 10. Rb1 O-O
11. Ne4 Re8 12. Nxf6+ Qxf6 13. Nf3 Nd7 14. O-O b4 15. b3 a5 16. Nd2 Ne5 17. Nc4 Ba6 18. Qc2 Nxc4 19. bxc4 Qd4 20. Rbc1 h5
21. Rfd1 Qg4 22. Bf3 Qh3 23. Bg2 Qg4 24. Bf3 Qh3=
1/2-1/2

[Event "Turtle Speed # 26"]
[Site "SchemingMind.com"]
[Date "2009.03.18"]
[Round "-"]
[White "mapleleaf"]
[Black "Andoni Zabala"]
[Result "1-0"]
[WhiteCountry "CAN"]
[BlackCountry "INT"]
[WhiteElo "2027"]
[WhiteRD "120"]
[BlackElo "1819"]
[BlackRD "90"]
[GameID "196806"]

1. e4 c6 2. d4 d5 3. e5 Bf5 4. Nc3 e6 5. g4 Bg6 6. Nge2 Ne7 7. Nf4 Nd7 8. h4 h6 9. Nxg6 Nxg6 10. h5 Ne7
11. Ne2 Qb6 12. c3 O-O-O 13. b4 f6 14. Nf4 fxe5 15. Nxe6 Re8 16. dxe5 Nxe5 17. Be3 N7g6 18. Bxb6 axb6 19. hxg6 Nxg6 20. Qa4 Rxe6+
21. Kd2 Bd6 22. Bd3 Nf4 23. Bf5
1-0

[Event "Turtle Speed # 26"]
[Site "SchemingMind.com"]
[Date "2009.03.18"]
[Round "-"]
[White "mapleleaf"]
[Black "fishofchaos"]
[Result "1-0"]
[WhiteCountry "CAN"]
[BlackCountry "ENG"]
[WhiteElo "1793"]
[WhiteRD "145"]
[BlackElo "1848"]
[BlackRD "74"]
[GameID "196807"]

1. e4 c5 2. Nf3 e6 3. d4 cxd4 4. Nxd4 a6 5. Bd3 Nf6 6. O-O d6 7. c4 Be7 8. Nc3 O-O 9. Qe2 Bd7 10. b3 Nc6
11. Nxc6 Bxc6 12. Bb2 Qc7 13. Rac1 Rac8 14. Nd5 Qd8 15. Nxe7+ Qxe7 16. e5 dxe5 17. Qxe5 Rfd8 18. Rcd1 Rd6 19. Bxh7+
1-0

[Event "Turtle Speed # 26"]
[Site "SchemingMind.com"]
[Date "2009.03.18"]
[Round "-"]
[White "mapleleaf"]
[Black "chernyean"]
[Result "1-0"]
[WhiteCountry "CAN"]
[BlackCountry "GBR"]
[WhiteElo "1961"]
[WhiteRD "131"]
[BlackElo "2007"]
[BlackRD "202"]
[GameID "196808"]

1. e4 e5 2. Nf3 Nc6 3. Bc4 Bc5 4. b4 Bxb4 5. c3 Ba5 6. d4 exd4 7. O-O dxc3 8. Qd5 Qe7 9. Ba3 d6 10. Bb5 Bb6
11. Bxc6+ Kf8 12. e5 bxc6 13. Qxc6 Rb8 14. exd6 Qd7 15. Qxd7 Bxd7 16. dxc7+
1-0

[Event "Turtle Speed # 26"]
[Site "SchemingMind.com"]
[Date "2009.03.18"]
[Round "-"]
[White "Andoni Zabala"]
[Black "mapleleaf"]
[Result "0-1"]
[WhiteCountry "INT"]
[BlackCountry "CAN"]
[WhiteElo "1844"]
[WhiteRD "94"]
[BlackElo "2106"]
[BlackRD "110"]
[GameID "196809"]

1. e4 c5 2. Nf3 d6 3. d4 cxd4 4. Nxd4 Nf6 5. Nc3 Nc6 6. Be3 e5 7. Nxc6 bxc6 8. Be2 Be7 9. O-O O-O 10. f4 exf4
11. Bxf4 Qb6+ 12. Kh1 Qxb2 13. Qd2 Rd8 14. Bf3 Ba6 15. Rfb1 Qa3 16. Rb3 Qa5 17. Rd1 h6 18. Be2 Bxe2 19. Qxe2 Bf8 20. Qf3 Rab8
21. h3 Rxb3 22. axb3 d5 23. exd5 cxd5 24. Be5 Ne4 25. Bd4 Ng5 26. Qe2 Ne6 27. Na4 Nxd4 28. Rxd4 g6 29. Qd2 Qxd2 30. Rxd2 d4
31. c3 Bg7 32. cxd4 Rxd4 33. Rxd4 Bxd4 34. b4 Kg7 35. g4 Kf6 36. Kg2 Ke5 37. Kf3 Kd5
0-1

[Event "Turtle Speed # 26"]
[Site "SchemingMind.com"]
[Date "2009.03.18"]
[Round "-"]
[White "fishofchaos"]
[Black "mapleleaf"]
[Result "0-1"]
[WhiteCountry "ENG"]
[BlackCountry "CAN"]
[WhiteElo "1923"]
[WhiteRD "78"]
[BlackElo "2069"]
[BlackRD "115"]
[GameID "196810"]

1. d4 Nf6 2. c4 g6 3. g3 Bg7 4. Bg2 O-O 5. Nc3 d6 6. Nf3 Nc6 7. O-O a6 8. d5 Na5 9. b3 c5 10. dxc6 Nxc6
11. Bb2 Qa5 12. Nd5 Nxd5 13. Bxg7 Nc3 14. Bxc3 Qxc3 15. Rc1 Qa5 16. Qd2 Qxd2 17. Nxd2 Nd4 18. Rfe1 Rb8 19. e3 Ne6 20. Red1 a5
21. Nb1 b6 22. Nc3 Bb7 23. Nd5 Bxd5 24. cxd5 Nc5 25. Rd4 Ra8 26. Bf1 Ra7 27. h4 h6 28. Bb5 Rc8 29. Kg2 Kg7 30. a3 Rcc7
31. Rc3 g5 32. hxg5 hxg5 33. b4 axb4 34. axb4 Nd7 35. Rxc7 Rxc7 36. Rc4 Rxc4 37. Bxc4 Ne5 38. Be2 g4 39. e4 Kf6 40. f4 gxf3+
41. Bxf3 Nd3 42. b5 Ke5
0-1

[Event "Turtle Speed # 26"]
[Site "SchemingMind.com"]
[Date "2009.03.18"]
[Round "-"]
[White "chernyean"]
[Black "mapleleaf"]
[Result "0-1"]
[WhiteCountry "GBR"]
[BlackCountry "CAN"]
[WhiteElo "1670"]
[WhiteRD "122"]
[BlackElo "2106"]
[BlackRD "110"]
[GameID "196811"]

1. d4 Nf6 2. c4 g6 3. Nf3 Bg7 4. g3 O-O 5. Bg2 d6 6. O-O Nc6 7. Nc3 a6 8. Re1 Rb8 9. e4 Bg4 10. Be3 Nd7
11. Qd2 e5 12. d5 Bxf3 13. Bxf3 Nd4 14. Bg2 c5 15. b3 b5 16. f3 bxc4 17. bxc4 Nb6 18. Qd3 Qd7 19. a4 f5 20. a5 Nc8
21. Bxd4 exd4 22. Ne2 Ne7
0-1

[Event "Turtle Speed # 26"]
[Site "SchemingMind.com"]
[Date "2009.03.18"]
[Round "-"]
[White "Brynn Petty"]
[Black "fishofchaos"]
[Result "0-1"]
[WhiteCountry "ENG"]
[BlackCountry "ENG"]
[WhiteElo "1577"]
[WhiteRD "124"]
[BlackElo "1900"]
[BlackRD "81"]
[GameID "196813"]

1. d4 Nf6 2. Nf3 g6 3. e3 Bg7 4. Bd3 O-O 5. b3 d6 6. Bb2 Nc6 7. Ng5 e5 8. dxe5 Nxe5 9. Be2 Bf5 10. O-O h6
11. f4 Nc6 12. Nd2 hxg5 13. fxg5 Ne4 14. Bxg7 Kxg7
0-1

[Event "Turtle Speed # 26"]
[Site "SchemingMind.com"]
[Date "2009.03.20"]
[Round "-"]
[White "Brynn Petty"]
[Black "mapleleaf"]
[Result "0-1"]
[WhiteCountry "ENG"]
[BlackCountry "CAN"]
[WhiteElo "1577"]
[WhiteRD "124"]
[BlackElo "2027"]
[BlackRD "120"]
[GameID "196814"]

1. d4 Nf6 2. Nf3 g6 3. e3 Bg7 4. Bd3 O-O 5. b3 d6 6. Bb2 Nbd7 7. O-O c5 8. Ng5 a6 9. Nd2 b5 10. f4 Bb7
11. e4 h6
0-1

[Event "Turtle Speed # 26"]
[Site "SchemingMind.com"]
[Date "2009.03.18"]
[Round "-"]
[White "Brynn Petty"]
[Black "chernyean"]
[Result "0-1"]
[WhiteCountry "ENG"]
[BlackCountry "GBR"]
[WhiteElo "1577"]
[WhiteRD "124"]
[BlackElo "1973"]
[BlackRD "163"]
[GameID "196815"]

1. d4 Nf6 2. Nf3 g6 3. e3 Bg7 4. Bd3 b6 5. b3 Bb7 6. Bb2 O-O 7. O-O d6 8. Nbd2 Nbd7 9. Ng5 c5 10. Ndf3 cxd4
11. exd4 Rc8 12. Qe2 Rc7
0-1

[Event "Turtle Speed # 26"]
[Site "SchemingMind.com"]
[Date "2009.03.18"]
[Round "-"]
[White "fishofchaos"]
[Black "Brynn Petty"]
[Result "1-0"]
[WhiteCountry "ENG"]
[BlackCountry "ENG"]
[WhiteElo "1900"]
[WhiteRD "81"]
[BlackElo "1577"]
[BlackRD "124"]
[GameID "196817"]

1. d4 a6 2. e4 b5 3. Nf3 Bb7 4. Bd3 e6 5. O-O Nf6 6. Re1 c5 7. c3 c4 8. Bc2 Bd6 9. e5 Be7 10. exf6 gxf6
11. b3 Bd5 12. Bh6 f5 13. Nbd2 Rg8 14. Qe2 Rg6 15. Bf4
1-0

[Event "Turtle Speed # 26"]
[Site "SchemingMind.com"]
[Date "2009.03.18"]
[Round "-"]
[White "mapleleaf"]
[Black "Brynn Petty"]
[Result "1-0"]
[WhiteCountry "CAN"]
[BlackCountry "ENG"]
[WhiteElo "2027"]
[WhiteRD "120"]
[BlackElo "1577"]
[BlackRD "124"]
[GameID "196818"]

1. e4 a6 2. Nf3 b5 3. d4 Bb7 4. Nbd2 e6 5. Bd3 c5 6. c3 c4 7. Bc2 Nf6 8. O-O Ng4 9. h3 h5 10. Re1 Nc6
11. Nf1
1-0

[Event "Turtle Speed # 26"]
[Site "SchemingMind.com"]
[Date "2009.03.18"]
[Round "-"]
[White "chernyean"]
[Black "Brynn Petty"]
[Result "1-0"]
[WhiteCountry "GBR"]
[BlackCountry "ENG"]
[WhiteElo "1973"]
[WhiteRD "163"]
[BlackElo "1577"]
[BlackRD "124"]
[GameID "196819"]

1. d4 a6 2. Nf3 b5 3. g3 Bb7 4. Bg2 e6 5. O-O c5 6. c3 c4 7. Bf4 Nf6 8. Nbd2 Ng4 9. a4 b4 10. Nxc4 Nc6
11. Nd6+ Bxd6 12. Bxd6 a5 13. h3
1-0

[Event "Turtle Speed # 26"]
[Site "SchemingMind.com"]
[Date "2009.03.18"]
[Round "-"]
[White "Mikael Hakim"]
[Black "Andoni Zabala"]
[Result "0-1"]
[WhiteCountry "INT"]
[BlackCountry "INT"]
[WhiteElo "1717"]
[WhiteRD "80"]
[BlackElo "1819"]
[BlackRD "90"]
[GameID "196871"]

1. e4 c6 2. d4 d5 3. exd5 cxd5 4. c4 Nf6 5. Nc3 g6 6. Qb3 Nc6 7. cxd5 Nxd4 8. Qa4+ Bd7 9. Qxd4 Bg7 10. Nf3 O-O
11. Qd1 Qb6 12. Bc4 Rac8 13. Bb3 Rfd8 14. O-O Bb5
0-1

[Event "Turtle Speed # 26"]
[Site "SchemingMind.com"]
[Date "2009.03.17"]
[Round "-"]
[White "Mikael Hakim"]
[Black "fishofchaos"]
[Result "1-0"]
[WhiteCountry "INT"]
[BlackCountry "ENG"]
[WhiteElo "2027"]
[WhiteRD "85"]
[BlackElo "1848"]
[BlackRD "74"]
[GameID "196872"]

1. e4 c5 2. Nf3 e6 3. d4 cxd4 4. Nxd4 Nf6 5. Nc3 d6 6. g4 h6 7. h4 Nc6 8. Rg1 Nd7 9. Be3 a6 10. Qd2 Nxd4
11. Bxd4 e5 12. Be3 b5 13. g5 h5 14. O-O-O g6 15. f4 Be7 16. f5 Bb7 17. Bh3 Qa5 18. f6 Bf8 19. Kb1 Rc8 20. Rge1 Rc4
21. Bf2 Nc5 22. Bxc5 Rxc5 23. Re3 Kd8 24. Rd3 Qc7 25. Nd5 Qc6 26. Qa5+
1-0

[Event "Turtle Speed # 26"]
[Site "SchemingMind.com"]
[Date "2009.03.17"]
[Round "-"]
[White "Mikael Hakim"]
[Black "chernyean"]
[Result "0-1"]
[WhiteCountry "INT"]
[BlackCountry "GBR"]
[WhiteElo "1869"]
[WhiteRD "85"]
[BlackElo "2007"]
[BlackRD "202"]
[GameID "196874"]

1. e4 e5 2. Nf3 Nc6 3. Bb5 Nf6 4. d3 Bd6 5. O-O O-O 6. Nc3 Nd4 7. Bc4 Nxf3+ 8. Qxf3 Re8 9. Bg5 Be7 10. Bxf6 Bxf6
11. Nd5 Bg5
0-1

[Event "Turtle Speed # 26"]
[Site "SchemingMind.com"]
[Date "2009.03.18"]
[Round "-"]
[White "Andoni Zabala"]
[Black "Mikael Hakim"]
[Result "1-0"]
[WhiteCountry "INT"]
[BlackCountry "INT"]
[WhiteElo "1819"]
[WhiteRD "90"]
[BlackElo "1717"]
[BlackRD "80"]
[GameID "196876"]

1. e4 c5 2. Nf3 d6 3. d4 cxd4 4. Nxd4 Nf6 5. Nc3 a6 6. Be3 e5 7. Nb3 b5 8. Bd3 Be7 9. Qd2 Bb7 10. f3 b4
11. Ne2 Nc6 12. c3 a5 13. O-O a4 14. Nbc1
1-0

[Event "Turtle Speed # 26"]
[Site "SchemingMind.com"]
[Date "2009.03.18"]
[Round "-"]
[White "fishofchaos"]
[Black "Mikael Hakim"]
[Result "1/2-1/2"]
[WhiteCountry "ENG"]
[BlackCountry "INT"]
[WhiteElo "1848"]
[WhiteRD "74"]
[BlackElo "2027"]
[BlackRD "85"]
[GameID "196877"]

1. d4 Nf6 2. c4 g6 3. g3 d5 4. cxd5 Qxd5 5. Nf3 Bg7 6. Bg2 Qa5+ 7. Nc3 Ne4 8. Qd3 Bf5 9. Qe3 Nc6 10. O-O Nxc3
11. bxc3 O-O 12. Bd2 Rfe8 13. Nh4 e5 14. Bxc6 bxc6 15. Nxf5 gxf5 16. dxe5 Rxe5 17. Qd3 Rd5 18. Qc2 Rad8 19. Rfd1 Bxc3 20. Bxc3 Rxd1+
21. Rxd1 Rxd1+ 22. Qxd1 Qxc3 23. Qd8+ Kg7 24. Qg5+= Kf8 25. Qd8+ Kg7 26. Qg5+ Kf8=
1/2-1/2

[Event "Turtle Speed # 26"]
[Site "SchemingMind.com"]
[Date "2009.03.18"]
[Round "-"]
[White "chernyean"]
[Black "Mikael Hakim"]
[Result "1-0"]
[WhiteCountry "GBR"]
[BlackCountry "INT"]
[WhiteElo "2007"]
[WhiteRD "202"]
[BlackElo "1869"]
[BlackRD "85"]
[GameID "196879"]

1. d4 Nf6 2. c4 g6 3. Nf3 Bg7 4. g3 O-O 5. Bg2 d5 6. cxd5 Nxd5 7. Nc3 c6 8. e4 Nxc3 9. bxc3 Bg4 10. Qb3 b6
11. Be3 c5 12. Rd1
1-0

[Event "Turtle Speed # 26"]
[Site "SchemingMind.com"]
[Date "2009.03.18"]
[Round "-"]
[White "Robert Nunnally"]
[Black "Andoni Zabala"]
[Result "1-0"]
[WhiteCountry "USA"]
[BlackCountry "INT"]
[WhiteElo "1922"]
[WhiteRD "112"]
[BlackElo "1800"]
[BlackRD "94"]
[GameID "196955"]

1. d4 Nf6 2. Nf3 g6 3. Bf4 Bg7 4. e3 O-O 5. h3 c5 6. c3 cxd4 7. exd4 d5 8. Be2 Nc6 9. O-O Bf5 10. Qb3 Qd7
11. Nbd2 Ne4 12. Nxe4 Bxe4 13. Ng5 h6 14. Nxe4 dxe4 15. f3 exf3 16. Bxf3 e5 17. dxe5 Nxe5 18. Be4 Kh7 19. Rab1 Nc6 20. Rbd1 Qc8
21. Bd6 Ne5 22. Bxf8 Qxf8 23. Rd2 Rb8 24. Rdf2 b6 25. Rxf7 Nxf7 26. Qxf7 Qc5+ 27. Kh1 Qd6 28. Qxa7 Rf8 29. Rxf8 Qxf8 30. Qxb6 Qf1+
31. Qg1 Qe2 32. Qb1 Qa6 33. a3 Qb6 34. a4 Be5 35. Bxg6+ Qxg6 36. Qxg6+ Kxg6 37. a5 Bf4 38. a6 Be3 39. b4 Kf5 40. c4 Ba7
41. c5 h5 42. g4+ hxg4 43. hxg4+ Kxg4 44. c6
1-0

[Event "Turtle Speed # 26"]
[Site "SchemingMind.com"]
[Date "2009.03.18"]
[Round "-"]
[White "Robert Nunnally"]
[Black "fishofchaos"]
[Result "1-0"]
[WhiteCountry "USA"]
[BlackCountry "ENG"]
[WhiteElo "1922"]
[WhiteRD "112"]
[BlackElo "1912"]
[BlackRD "75"]
[GameID "196956"]

1. d4 Nf6 2. Nf3 e6 3. Bf4 b6 4. e3 Bb7 5. Bd3 Be7 6. h3 c5 7. c3 Nc6 8. O-O d5 9. Nbd2 O-O 10. Ne5 Nxe5
11. Bxe5 a5 12. Re1 Ba6 13. Bb1 Bd6 14. f4 Bxe5 15. fxe5 Nd7 16. e4 cxd4 17. cxd4 dxe4 18. Nxe4 Qh4 19. Re3 Rac8 20. Bd3 Bxd3
21. Qxd3 Rc7 22. Nd6 Qg5 23. Rae1 Qh4 24. Re4 Qg5 25. h4 Qh6 26. Qh3 Rc2 27. Qb3 Qd2 28. Qg3 f5 29. Rf4 Rc1 30. Rxc1 Qxc1+
31. Kh2 Qxb2 32. a3 g6 33. h5 Nxe5 34. dxe5 Qxe5 35. Nc4 Qg7 36. hxg6 hxg6 37. Nxb6 Kf7 38. Nc4 g5 39. Rf3 Qd4 40. Qc7+ Kg6
41. Rh3 Qf4+ 42. Qxf4 gxf4 43. Nxa5 e5 44. Nc4 e4 45. Kg1 Rc8 46. Rc3 Kg5 47. a4 Kh4 48. Kf2 Kh5 49. Rc2 Rc6 50. Na3 Ra6
51. Rc4 Kg5 52. Nc2 Ra7 53. Nd4
1-0

[Event "Turtle Speed # 26"]
[Site "SchemingMind.com"]
[Date "2009.03.20"]
[Round "-"]
[White "Robert Nunnally"]
[Black "mapleleaf"]
[Result "0-1"]
[WhiteCountry "USA"]
[BlackCountry "CAN"]
[WhiteElo "1781"]
[WhiteRD "134"]
[BlackElo "2069"]
[BlackRD "115"]
[GameID "196957"]

1. d4 Nf6 2. Nf3 g6 3. Bf4 Bg7 4. h3 O-O 5. e3 d6 6. Be2 a6 7. Nbd2 Nbd7 8. O-O c5 9. c3 b5 10. a3 Bb7
11. b4 Rc8 12. bxc5 dxc5 13. Qb3 Nd5 14. Bh2 c4 15. Qc2 f5 16. Ng5 Qb6 17. e4 h6 18. Ngf3 fxe4 19. Nxe4 Nf4 20. Bxf4 Rxf4
21. Ng3 e5 22. dxe5 Nxe5 23. Nxe5 Bxe5 24. Bg4 Rxg4 25. hxg4 Bxg3 26. Kh1 Be5 27. Rae1 Qf6 28. Re3 Qh4+ 29. Rh3 Qxh3+
0-1

[Event "Turtle Speed # 26"]
[Site "SchemingMind.com"]
[Date "2009.03.18"]
[Round "-"]
[White "Robert Nunnally"]
[Black "Mikael Hakim"]
[Result "1-0"]
[WhiteCountry "USA"]
[BlackCountry "INT"]
[WhiteElo "1872"]
[WhiteRD "152"]
[BlackElo "1717"]
[BlackRD "80"]
[GameID "196958"]

1. d4 Nf6 2. Nf3 g6 3. Bf4 Bg7 4. e3 O-O 5. h3 c5 6. c3 Qb6 7. Qb3 Qxb3 8. axb3 cxd4 9. exd4 d6 10. Bc4 Nc6
11. O-O d5 12. Be2 Bf5 13. b4 a5 14. bxa5
1-0

[Event "Turtle Speed # 26"]
[Site "SchemingMind.com"]
[Date "2009.03.18"]
[Round "-"]
[White "Robert Nunnally"]
[Black "chernyean"]
[Result "1-0"]
[WhiteCountry "USA"]
[BlackCountry "GBR"]
[WhiteElo "1854"]
[WhiteRD "119"]
[BlackElo "1670"]
[BlackRD "122"]
[GameID "196959"]

1. d4 Nf6 2. Nf3 e6 3. Bf4 d5 4. e3 c5 5. c3 cxd4 6. exd4 Be7 7. h3 O-O 8. Bd3 Nbd7 9. O-O Nb6 10. Nbd2 Re8
11. Ne5 Nbd7 12. Ndf3 Nb6 13. Ng5 h6 14. Ngxf7 Qc7 15. Ng6 Qc6 16. Nxe7+ Rxe7 17. Ne5 Qe8 18. Re1 Nbd7 19. Re3 Nxe5 20. Bxe5 b6
21. Rg3
1-0

[Event "Turtle Speed # 26"]
[Site "SchemingMind.com"]
[Date "2009.03.18"]
[Round "-"]
[White "Robert Nunnally"]
[Black "Brynn Petty"]
[Result "1-0"]
[WhiteCountry "USA"]
[BlackCountry "ENG"]
[WhiteElo "1872"]
[WhiteRD "152"]
[BlackElo "1577"]
[BlackRD "124"]
[GameID "196960"]

1. d4 a6 2. Nf3 b5 3. g3 Bb7 4. Bg2 e6 5. O-O c5 6. c3 c4 7. Bg5 Ne7 8. a4 h6 9. Bf4 Nbc6 10. Na3 b4
11. Nxc4
1-0

[Event "Turtle Speed # 26"]
[Site "SchemingMind.com"]
[Date "2009.03.18"]
[Round "-"]
[White "fishofchaos"]
[Black "Robert Nunnally"]
[Result "1-0"]
[WhiteCountry "ENG"]
[BlackCountry "USA"]
[WhiteElo "1923"]
[WhiteRD "78"]
[BlackElo "1781"]
[BlackRD "134"]
[GameID "196962"]

1. d4 d5 2. c4 e6 3. Nf3 c6 4. Qc2 f5 5. Be3 Nf6 6. Bf4 Be7 7. e3 O-O 8. Be2 Ne4 9. Nc3 Nd7 10. cxd5 exd5
11. O-O Ndf6 12. a3 a5 13. Ne5 g5 14. Nxe4 Nxe4 15. Bg3 Nxg3 16. fxg3 Bd6 17. g4 Bxe5 18. dxe5 Qe7 19. Bd3 Qxe5 20. Rae1 Rf6
21. gxf5 Bd7 22. e4 dxe4 23. Rxe4 Qc7 24. Rg4 Qb6+ 25. Kh1 h6 26. Qc3 c5 27. h4 Kf8 28. hxg5 hxg5 29. Rxg5 Rh6+ 30. Kg1 c4+
31. Rf2 Rh1+ 32. Kxh1 Qh6+ 33. Kg1 Qxg5 34. Bxc4 Re8 35. Qxa5 Qc1+ 36. Bf1
1-0

[Event "Turtle Speed # 26"]
[Site "SchemingMind.com"]
[Date "2009.03.20"]
[Round "-"]
[White "mapleleaf"]
[Black "Robert Nunnally"]
[Result "1-0"]
[WhiteCountry "CAN"]
[BlackCountry "USA"]
[WhiteElo "2106"]
[WhiteRD "110"]
[BlackElo "1854"]
[BlackRD "119"]
[GameID "196963"]

1. e4 e5 2. Nf3 Nc6 3. Bc4 Be7 4. O-O Nf6 5. Re1 O-O 6. c3 d6 7. h3 a6 8. d4 h6 9. a3 Re8 10. b4 b5
11. Bd3 Bf8 12. d5 Ne7 13. Nbd2 Ng6 14. c4 Nf4 15. Bf1 g5 16. cxb5 N6h5 17. g4 Ng7 18. Nb3 h5 19. Bxf4 gxf4 20. g5 f5
21. h4 fxe4 22. Rxe4 Bf5 23. Re1 e4 24. Nfd4 Bg4 25. Qd2 f3 26. bxa6 Qd7 27. Bb5 Qc8 28. Bxe8 Bh3 29. Qf4 Bg2 30. Bf7+ Kh8
31. g6 Ne8 32. Ne6
1-0

[Event "Turtle Speed # 26"]
[Site "SchemingMind.com"]
[Date "2009.03.18"]
[Round "-"]
[White "Mikael Hakim"]
[Black "Robert Nunnally"]
[Result "0-1"]
[WhiteCountry "INT"]
[BlackCountry "USA"]
[WhiteElo "1869"]
[WhiteRD "85"]
[BlackElo "1633"]
[BlackRD "204"]
[GameID "196964"]

1. e4 d6 2. d4 Nf6 3. Nc3 e5 4. Nf3 Nbd7 5. Bc4 Be7 6. O-O O-O 7. dxe5 Nxe5 8. Nxe5 dxe5 9. Qe2 c6 10. Rd1 Qc7
0-1

[Event "Turtle Speed # 26"]
[Site "SchemingMind.com"]
[Date "2009.03.18"]
[Round "-"]
[White "chernyean"]
[Black "Robert Nunnally"]
[Result "0-1"]
[WhiteCountry "GBR"]
[BlackCountry "USA"]
[WhiteElo "1670"]
[WhiteRD "122"]
[BlackElo "1854"]
[BlackRD "119"]
[GameID "196965"]

1. d4 d5 2. c4 e6 3. Nf3 c6 4. Nc3 Nf6 5. cxd5 exd5 6. Bg5 Be7 7. e3 Ne4 8. Bxe7 Qxe7 9. Bd3 O-O 10. Qc2 Nf6
11. O-O Bg4 12. Ne5 Bh5 13. Ne2 Nbd7 14. Nxd7 Qxd7 15. Nf4 Bg6 16. Nxg6 hxg6 17. Rae1 Rae8 18. Qa4 a6 19. Rc1 Ne4 20. Rcd1 f5
21. Qc2 g5 22. f3 Nd6 23. Rfe1 f4 24. exf4 Rxf4
0-1

[Event "Turtle Speed # 26"]
[Site "SchemingMind.com"]
[Date "2009.03.18"]
[Round "-"]
[White "Brynn Petty"]
[Black "Robert Nunnally"]
[Result "0-1"]
[WhiteCountry "ENG"]
[BlackCountry "USA"]
[WhiteElo "1577"]
[WhiteRD "124"]
[BlackElo "1872"]
[BlackRD "152"]
[GameID "196966"]

1. d4 d5 2. Nf3 Nf6 3. e3 c6 4. Bd3 Bg4 5. Nbd2 e6 6. b3 Nbd7 7. O-O Be7 8. Bb2 O-O 9. h3 Bxf3 10. Nxf3 Ne4
0-1